[Event "FRA-ch"]
[Site "Chartres"]
[Date "2005.08.22"]
[Round "7"]
[White "Degraeve, Jean Marc"]
[Black "Kosten, Anthony C"]
[Result "0-1"]
[WhiteElo "2546"]
[BlackElo "2522"]
[Annotator "Postny,E"]
[PlyCount "118"]
[EventDate "2005.08.15"]
[EventType "tourn"]
[EventRounds "11"]
[EventCountry "FRA"]
[EventCategory "13"]
[SourceTitle "CBM 109"]
[Source "ChessBase"]
[SourceDate "2005.11.14"]
[SourceVersion "1"]
[SourceVersionDate "2005.11.14"]
[SourceQuality "1"]

1. e4 e5 2. Nf3 Nc6 3. Nc3 Nf6 4. g3 d5 5. exd5 Nxd5 6. Bg2 Nxc3 7. bxc3 Bc5 {
The most active place for the dark-squared bishop. Black is also preventing
the d2-d4 thrust. On the other hand, black's Pe5 will become a target for
white's pieces.} ({The alternative ways of development are:} 7... Bd6) (7...
Be7) 8. O-O O-O 9. d3 (9. Re1 Qf6 10. d3 h6 11. Be3 Bb6 12. Nd2 Re8 13. Nb3 Bf5
14. c4 Bxe3 15. Rxe3 Re7 16. Rb1 Rae8 17. Nc5 b6 18. Ne4 Qg6 19. Nc3 Nd4 20.
Nd5 Rd7 $11 {1/2-1/2 Glek,I-Tkachiev,V/Bastia 2002 (32)}) 9... Bg4 (9... Qf6 $5
{- Van Mil,J-Mikhalevski,A/Tel Aviv 2001/CBM 82 [Lukacs]}) 10. h3 Bh5 11. Qe1 {
[%csl Re5] Attacking the Pe5 and moving the queen out of the pin along the
diagonal h5-d1.} (11. Qe2 f5 12. d4 Bd6 13. Qb5 e4 14. Ng5 Qe8 15. h4 h6 16.
Nh3 Nxd4 $1 $17 {0-1 Gallagher,J-Kosten,A/Hove 1997 (32)}) 11... Re8 12. g4 $6
{This move is a bit too optimistic.} (12. Qe4 Bb6 13. Nh4 Rb8 14. Bd2 Qe7 15.
Kh1 Bg6 16. Nxg6 hxg6 17. f4 exf4 18. Qxf4 Qd7 19. Rae1 $14 {[%csl Gd2,Gg2] 1/
2-1/2 Christiansen,L-Szmetan,J/Wijk aan Zee 1976 (41)}) (12. Nd2 Rb8 13. a4 f5
14. a5 a6 15. Nb3 Be7 16. Bxc6 bxc6 17. Qxe5 Bb4 18. Qxf5 Rb5 19. Qf4 Bd6 20.
Qc4+ Bf7 21. Qh4 Qxh4 22. gxh4 Re6 $44 {1/2-1/2 Yudasin,L-Ippolito,D/New York
2001 (68)}) 12... e4 $1 $146 {Well played. At the price of a pawn Black is
opening up the centre using his temporary advantage in development.} (12... Bg6
13. Ng5 Bb6 14. Ne4 Ne7 15. c4 c6 16. Rb1 Rb8 17. Be3 f5 18. Bxb6 axb6 19. Ng3
Ra8 20. Qxe5 fxg4 21. Qb2 Nf5 22. Nxf5 Bxf5 23. hxg4 Bxg4 24. Qxb6 Qf6 25. f3
Bh5 $13 {1-0 Smirin,I-Ippolito,D/Connecticut 2005 (42)}) 13. dxe4 Bg6 14. Nd2
h5 {Exploiting the weakness of White's kingside.} 15. Nb3 Bb6 16. c4 hxg4 $1
17. hxg4 ({Capturing the bishop will cost white dearly:} 17. c5 $2 gxh3 18.
Bxh3 Bxe4 19. cxb6 Qh4 20. Qc3 Re6 21. Re1 Rg6+ 22. Kf1 Bd5 $1 {[%cal Gd5c4]}
23. Nd2 Rf6 24. Re2 Bf3 25. Nxf3 Qxh3+ $19) 17... Nd4 18. c5 $1 Nxb3 (18...
Nxc2 $6 19. Qc3 Nxa1 20. Bb2 f6 21. Rxa1 $14) (18... Bxe4 $6 19. Bxe4 Qh4 ({
White gets too many pieces for the queen after} 19... Nf3+ $2 20. Bxf3 Rxe1 21.
Rxe1 $18) 20. Nxd4 Qxg4+ 21. Bg2 Rxe1 22. Rxe1 Bxc5 (22... Qxd4 $2 23. Be3 $16)
23. c3 $14) 19. cxb3 Bxc5 $15 {Black won back the pawn and his position is
obviously preferable thanks to white's weakened kingside.} 20. Bb2 Qh4 21. Qc3
Bf8 22. Qxc7 Bxe4 {This capture is stronger than 22...Qxg4, because the
central pawn is more important than the Pg4.} 23. Qf4 Re6 {Using a small
tactical idea Black can leave his bishop hanging.} 24. Be5 (24. Bxe4 $2 Bd6 {
[%csl Rg1][%cal Gd6h2,Gh4h2] winning the queen.}) 24... Rae8 25. Qg3 Qh7 $1 {
Correctly avoiding the exchange of queens. In the middlegame white's king is a
real source of worry for him.} 26. Bf4 Bc5 27. Rac1 Bb6 28. Bc7 Bd3 (28... Rh6
{[%cal Gh6h1]} 29. Bxe4 Qxe4 30. Qg2 Rg6 31. Rc4 Bd4 32. Qxe4 Rxe4 33. Kg2
Rexg4+ 34. Kf3 {Black's extra pawn is not sufficient for a win, as his pieces
are awkwardly placed.}) 29. Rfd1 Bc2 30. Rd2 Bxc7 31. Qxc7 Bd3 (31... Be4 $15)
32. f3 $6 {An ugly looking move.} (32. Qd7 $1 {The best defense is an attack!}
Ba6 ({Bad is} 32... Re1+ $2 33. Bf1 {and black has problems with back rank.})
33. Rd6 Re1+ 34. Bf1 Qh4 35. Rxe1 Rxe1 36. Qc8+ Kh7 37. Qf5+ {with a perpetual
check.}) 32... Ba6 $15 33. Rd8 {Correctly going for an exchange, reducing
Black's attacking potential.} Qh4 34. Rxe8+ Rxe8 35. Qc2 g6 36. Qb2 Kh7 37. Bf1
$6 (37. Qf2 $1 Qxf2+ 38. Kxf2 Re2+ 39. Kg3 Rxa2 40. Rc7 Rb2 (40... Kg7 41. f4
$11 {[%csl Rb7]}) 41. f4 Rxb3+ 42. Kh4 $44 {[%csl Rf7]}) 37... Qg3+ 38. Qg2 Qf4
39. Rd1 Bxf1 40. Rxf1 $2 {The wrong recapture. It's instructive that after
such an obvious move White's position is beyond saving...} ({After} 40. Qxf1 {
white is only slightly worse.}) 40... Rd8 $1 {[%cal Gd8d2] White is not able
to prevent the decisive invasion of black's rook.} 41. Qh2+ (41. Rf2 Rd1+ 42.
Rf1 Rd2 43. Rf2 Qd4 $19) 41... Qxh2+ 42. Kxh2 Rd2+ 43. Kg3 Rxa2 44. Re1 Rb2 45.
Re3 g5 {White is a pawn down and his rook is passive. The endgame is lost, but
black still has to play accurately.} 46. f4 gxf4+ 47. Kxf4 Kg6 48. Rd3 f6 49.
Rc3 b6 $1 (49... a5 $2 50. Rc5 Rxb3 51. Rxa5 $17) 50. Rd3 a5 51. Ke4 Re2+ $1 {
[%mdl 4096]} 52. Kf4 Re5 53. Rc3 Rc5 54. Re3 Rb5 55. Rd3 Rb4+ 56. Kg3 Kf7 57.
Re3 b5 58. Kf3 a4 59. bxa4 bxa4 (59... bxa4 {[%cal Gb4b3] White is forced to
move his rook from the 3rd rank and to allow Black the decisive advance of the
passed pawn.} 60. Re2 a3 61. Ra2 Ra4 {with an easy win.}) 0-1

[Event "Asia-ch"]
[Site "Kolkata"]
[Date "2001.08.15"]
[Round "9"]
[White "Dzhumaev, Marat"]
[Black "Peng, Xiaomin"]
[Result "1/2-1/2"]
[WhiteElo "2497"]
[BlackElo "2629"]
[Annotator "Postny,E"]
[PlyCount "116"]
[EventDate "2001.08.09"]
[EventType "swiss"]
[EventRounds "11"]
[EventCountry "IND"]
[SourceTitle "CBM 085"]
[Source "ChessBase"]
[SourceDate "2001.11.13"]
[SourceVersion "1"]
[SourceVersionDate "2001.11.13"]
[SourceQuality "1"]

1. e4 e5 2. Nf3 Nc6 3. Nc3 Nf6 4. g3 d5 5. exd5 Nxd5 6. Bg2 Nde7 $5 {The main
line continues with 6...Nc3 7.bc Bd6.} 7. d3 (7. O-O g6 8. d4 exd4 9. Nb5 a6
10. Nbxd4 Nxd4 11. Nxd4 Bg7 12. Nb3 Qxd1 13. Rxd1 O-O $11 {1/2-1/2 Markidis,
K-Jedryczka,K/Patras 1999/CBM 72 ext (35)}) 7... Nf5 {Possible as well 7...g6 /
\ Bg7.} 8. O-O Be7 9. Re1 f6 10. Ne4 O-O 11. c3 $146 {[%csl Gd4][%cal Yb2b4]} (
11. Nfd2 $6 a5 12. a4 Be6 13. b3 Qd7 14. Nc4 Rad8 15. Bd2 b6 16. f4 Nfd4 17.
Ne3 f5 18. Nc3 exf4 19. gxf4 Nb4 $17 {0-1 Lezcano Jaen,P-Rodriguez Vargas,O/
ESP 1993/TD (22)}) 11... a5 {preventing Pb2-b4.} 12. Qc2 {This kind of
position usually arises in Pirc opening with the opposite colours.} Kh8 {
This prophylactic move is especially useful, when the diagonal a2-g8 is open.}
(12... Be6 $6 13. d4 $1 {[%csl Re6]} exd4 14. Nc5 Bxc5 15. Rxe6 $36) 13. Bd2
Be6 14. Rad1 Qe8 (14... Qc8 $142 {protecting the Be6 from possible Re1 attack 
(after d3-d4).}) 15. d4 $1 exd4 16. Neg5 $2 (16. Nxd4 Nfxd4 17. cxd4 Qf7 18.
Nc3 (18. Nc5 $6 Nxd4) 18... Nxd4 19. Qe4 $13) 16... fxg5 17. Rxe6 Qf7 ({
The position is less clear after} 17... g4 $6 18. Ng5 Qd7 19. Be4 Bxg5 20. Bxf5
) 18. Re4 Nd6 ({Possible is} 18... dxc3 $15) 19. Re2 dxc3 $2 {Now this is much
worse, than on the previous move.} (19... Qh5 20. Qd3 {and now} dxc3 {when the
Pg5 is protected.} 21. Bxc3 Bf6 22. Ne5 Nxe5 23. Bxe5 Bxe5 24. Rxe5 $15) 20.
Bxc3 $2 {White takes the wrong pawn.} ({The right move is} 20. Bxg5 {with
complications.Here one of the "Fritz variations":} cxb2 21. Bxe7 Nxe7 22. Qxc7
Qxa2 (22... Nb5 23. Qe5 $14) 23. Qxd6 Rad8 24. Qxd8 Rxd8 25. Rxd8+ Ng8 26. Nd2
b1=Q+ 27. Nxb1 Qxe2 28. Bd5 h5 29. Bxg8 Qe7 $13) 20... Bf6 $17 21. Qc1 (21. Ne5
Nxe5 22. Bxe5 Bxe5 23. Rxe5 Qf6 $17) 21... h6 22. h4 g4 23. Nh2 Bxc3 24. Qxc3
Rae8 25. Rde1 Rxe2 26. Rxe2 Nb5 27. Qd2 (27. Qc5 $5) 27... Rd8 28. Qe1 Nbd4 29.
Rd2 h5 30. a3 ({Can't be recommended for white:} 30. Bxc6 $6 bxc6 {[%csl Gd4,
Rh2] and in spite of, that black's pawnstructure got worse, his advantage
increased thanks to the dominating Nd4 and weak white squares near the white's
K.} (30... Nxc6 $2 31. Rxd8+ Nxd8 32. Qxa5 $11)) 30... Qf6 31. Qe3 Qe5 32. Nf1
Rd6 33. Kh1 Qxe3 34. Nxe3 b5 $2 {A very inaccurate move, which allows white to
win a pawn back and reach a draw safely.} (34... Nf3 35. Rd5 Rxd5 36. Nxd5 Nce5
37. Nxc7 Nd3 38. Bf1 Nxb2 39. Bb5 $17 {[%csl Rg4,Rh5][%cal Gb5e8]}) 35. Bxc6
Nxc6 36. Rd5 $1 $11 {[%csl Rb5,Rh5] This move was certainly overlooked by the
Chinese grandmaster.} Rxd5 37. Nxd5 {[%csl Rc7]} Ne5 38. Nxc7 {White won the
pawn back.The draw is inevitable.} b4 39. axb4 axb4 40. b3 Kg8 41. Kg2 Nd3 42.
Kf1 Nc1 43. Nd5 Nxb3 44. Nxb4 {Surprisingly, the draw wasn't agreed here.
Perhaps there was a time-trouble for one or both players.} Nd4 45. Ke1 Kf7 46.
Kd2 Kf6 47. Ke3 Ne6 48. Ke4 Nc5+ 49. Kd5 Na4 {Not the best square for the N, I
think...} 50. Kd4 Nb6 51. Nd5+ Nxd5 52. Kxd5 Kf5 53. Kd4 g5 54. hxg5 Kxg5 55.
Ke5 h4 56. gxh4+ Kxh4 57. Kf4 Kh3 58. Kf5 Kg2 {There is one move missing (59.
Kg4 Kf2) for the "complete" game!} 1/2-1/2

[Event "RUS-ch 56th"]
[Site "Krasnoyarsk"]
[Date "2003.09.06"]
[Round "4"]
[White "Yandemirov, Valeri"]
[Black "Yemelin, Vasily"]
[Result "0-1"]
[WhiteElo "2478"]
[BlackElo "2550"]
[Annotator "Postny,E"]
[PlyCount "76"]
[EventDate "2003.09.03"]
[EventType "swiss"]
[EventRounds "9"]
[EventCountry "RUS"]
[SourceTitle "CBM 098"]
[Source "ChessBase"]
[SourceDate "2004.02.03"]
[SourceVersion "1"]
[SourceVersionDate "2004.02.03"]
[SourceQuality "1"]

1. e4 e5 2. Nf3 Nc6 3. Nc3 Nf6 4. d4 exd4 5. Nxd4 Bb4 6. Nxc6 bxc6 7. Bd3 d5 8.
exd5 cxd5 9. O-O O-O 10. Bg5 c6 11. Na4 ({White's main alternatives are:} 11.
Qf3 {the most popular one}) ({and} 11. Ne2) 11... Bd6 {Sooner or later black
has to retreat, since the bishop has nothing to do on b4.} (11... Re8 {- see
the commented game Sturua,Z-Aleksandrov,A/Batumi 2002/CBM 90 [Postny,E]}) 12.
Re1 (12. c4 Rb8 13. Re1 {- see the commented game Spassky,B-Xie Jun/Roquebrune
1998/CBM 67 [Mikhalevski,V]}) 12... h6 (12... Rb8 13. c4 h6 14. Bh4 Bb4 15. Re3
dxc4 16. Bxc4 Qxd1+ 17. Rxd1 Nd5 18. Bxd5 cxd5 19. Be7 $14 {1-0 Malakhov,
V-Jonkman,H/Saint Vincent 2000/CBM 78 (29)}) 13. Bh4 c5 (13... Rb8 14. c3 c5
15. Bc2 Bd7 16. Rb1 g5 17. Bg3 Bxg3 18. hxg3 Bxa4 19. Bxa4 Qd6 20. Qd3 Kg7 $11
{0-1 Malakhov,V-Pinter,J/Balatonbereny 1995/CBM 50 (43)}) 14. c4 $6 {Allows
black to get passed pawn in the centre.} (14. b3 Be6 15. Qf3 Rb8 16. Bf5 Rb4
17. Bg3 Bxf5 18. Qxf5 g6 19. Qf3 Kg7 20. Rad1 Bxg3 21. Qxg3 $14 {1-0 Rublevsky,
S-Gavrilov,A/St Petersburg 1993/CBM 34 (42)}) 14... d4 15. b4 $5 {Interesting
pawn sacrifice, which was already played by Yandemirov.} (15. Qf3 Bd7 16. b3 g5
17. Bg3 Bxa4 18. bxa4 Kg7 19. Be5 Re8 20. Bxf6+ Qxf6 21. Qxf6+ Kxf6 $15 {
1/2-1/2 Boronyak,A-Lukacs,P/Zalakaros 1997/EXT 2001 (35)}) 15... cxb4 $146 ({
Very sharp is} 15... g5 16. bxc5 Bxh2+ 17. Kxh2 gxh4 18. Qf3 Qc7+ 19. Kg1 Ng4
20. Qe4 Qh2+ 21. Kf1 Nf6 22. Qe5 Qxe5 23. Rxe5 Bd7 24. c6 Bxc6 25. Nc5 Rfe8 $15
{0-1 Yandemirov,V-Miles,A/Heraklio 1993/TD (50)}) 16. c5 Bc7 17. Rc1 (17. Bc4
Bb7 $15) 17... Be6 18. c6 $6 {White is sacrificing another pawn for a very
murky compensation.} (18. Re4 $6 g5 19. Rxd4 Qxd4 20. Bh7+ Nxh7 21. Qxd4 gxh4
$17) (18. Qd2 $5) 18... Bxa2 19. Nc5 {[%cal Gc5d7]} g5 20. Bg3 Bxg3 21. hxg3 (
21. fxg3 a5 $17 {White can not really make use of the open "f" file.}) 21... a5
22. Nb7 Qc7 23. Bf5 Rfe8 $2 {Wasting important tempo.} (23... Ra6 {It is
important to eliminate white's strong passed pawn.} 24. Qxd4 Rxc6 25. Rxc6 Qxc6
26. Nxa5 Qc3 $17) 24. Rxe8+ Nxe8 $1 (24... Rxe8 $6 25. Qxd4 Re5 26. Qxe5 Qxe5
27. c7 Qxf5 28. c8=Q+ Qxc8 29. Rxc8+ Kg7 30. Nxa5 $16) 25. Qxd4 {Now it's
clear, that the activity of white's pieces compensates the lack of pawn.} b3
26. Bd7 (26. Re1 a4 (26... Qxc6 $2 27. Nd8 $1 Qb5 28. Bd3 $18) 27. Bd7 {
could be a transposition.}) 26... a4 27. Re1 Ng7 $6 ({Very exciting variations
could arise after:} 27... a3 28. Bxe8 b2 29. Nd6 (29. Qd7 $2 Qxd7 30. cxd7 b1=Q
31. Rxb1 Bxb1 32. d8=Q Rxd8 33. Nxd8 Bg6 $1 $19 {[%csl Ga3]}) 29... b1=Q 30.
Bxf7+ Kh7 31. Rxb1 Bxb1 32. Qf6 {[%cal Gd6f5]} Rf8 (32... a2 $2 33. Nf5 Bxf5
34. Qxf5+ Kg7 35. Qg6+ Kf8 36. Qg8+ Ke7 37. Qxa8 Kxf7 38. Qxa2+ $18) (32... Ra7
33. Nf5 Qxf7 34. Qxh6+ Kg8 35. Qxg5+ $11) 33. Nf5 Rxf7 (33... Qxf7 34. Qxh6+
Kg8 35. Qxg5+ $11) 34. Qxh6+ Kg8 35. Qxg5+ Kf8 36. Qh6+ Ke8 $6 (36... Kg8 $11)
37. Qh8+ Rf8 38. Qh5+ Kd8 39. Qd1+ Ke8 40. Qxb1 $14) 28. Nd6 a3 $2 (28... b2 $5
29. Qxb2 Qxd6 30. Qxa2 a3 $14) 29. Nxf7 $2 {Missing stronger continuation.} (
29. Ne4 Nh5 30. g4 Qa5 31. Rd1 b2 32. gxh5 b1=Q 33. Nf6+ Kf8 34. Rxb1 Bxb1 35.
Qd6+ Kg7 36. Ng4 {with crushing attack.}) 29... b2 (29... Kxf7 $2 30. Qd5+ (30.
Re7+ $2 Kxe7 31. Qxg7+ Kd6 32. Qd4+ Ke7 $11) 30... Kg6 (30... Kf8 31. Re3 g4 (
31... b2 32. Qxa2 $40) 32. Bxg4 Ne8 33. Rf3+ Kg7 34. Qd4+ $18) {[%tqu "En",
"How should white continue?","","","e1e7","",10]} 31. Re7 $1 {[%cal Gd5f7]} Rf8
32. Be8+ Nxe8 33. Qe4+ Rf5 34. Qe6+ Rf6 35. Qg8+ Kf5 36. Qh7+ Rg6 37. g4+ $1
Kxg4 38. Rxc7 b2 39. Rb7 b1=Q+ 40. Rxb1 Bxb1 41. Qd7+ Kf4 42. Qxe8 $18) 30.
Nxh6+ Kh7 31. Re7 $4 {White got carried away by his attack.} (31. Nf5 Nxf5 32.
Bxf5+ Kg8 33. Qe3 Qg7 34. Be4 {It's very hard to evaluate this wild position.
The white strong Pc6 and the vulnerability of black's king compensates the
mighty pawns a3 and b2.}) 31... b1=Q+ 32. Kh2 Qg6 (32... Qb2 33. Rxg7+ Kxh6 $19
) 33. Nf5 Rg8 {It's much easier to defend with an extra queen!} ({Simpler was} 
33... Bf7) 34. Nxg7 (34. Be8 {Double threat on both queens, but of course,
does not saves white.} Rxe8 35. Rxc7 Qh5+ 36. Nh4 Bf7 $19) 34... Rxg7 35. Bf5
Qxe7 36. Bxg6+ Kxg6 37. Qd3+ Kf7 38. Qf3+ Kg8 0-1

[Event "American Continental 2nd"]
[Site "Buenos Aires"]
[Date "2003.08.21"]
[Round "4"]
[White "Andrade, Roberto Luiz Costa"]
[Black "Kaidanov, Gregory S"]
[Result "0-1"]
[WhiteElo "2309"]
[BlackElo "2638"]
[Annotator "Postny,E"]
[PlyCount "76"]
[EventDate "2003.08.17"]
[EventType "swiss"]
[EventRounds "11"]
[EventCountry "ARG"]
[SourceTitle "CBM 097"]
[Source "ChessBase"]
[SourceDate "2003.11.11"]
[SourceVersion "1"]
[SourceVersionDate "2003.11.11"]
[SourceQuality "1"]

1. e4 e5 2. Nf3 Nc6 3. Nc3 Nf6 4. d4 exd4 5. Nd5 Be7 {This is the most solid
reply against the Belgrade gambit.} (5... Nxe4 {- see the theory section in
CBM 91.}) 6. Bf4 d6 7. Nxd4 Nxd5 (7... O-O {- see the annotated game Bednar,
J-Gustafsson,J/Halkidiki 2002/CBM 92 [Postny]}) 8. exd5 (8. Nxc6 bxc6 9. exd5
cxd5 10. Qxd5 Rb8 11. Bb5+ Bd7 12. Bxd7+ Qxd7 13. O-O O-O $11 {1-0 Reinke,
M-Krallmann,M/Germany 2000/EXT 2001 (39)}) 8... Nxd4 9. Qxd4 O-O 10. O-O-O Bf6
11. Qd2 a5 (11... Bf5 12. f3 h6 13. g4 Bh7 14. Kb1 Bg5 15. h4 Bxf4 16. Qxf4 Re8
17. g5 h5 18. Bb5 Re5 19. Rhe1 a6 20. Bf1 Qe7 21. Rxe5 dxe5 22. Qc4 Bf5 23. Bd3
Bxd3 {1/2-1/2 Bednar,J-Shurygin,S/Presov 1997/EXT 98 (23)}) 12. Bb5 $6 $146 {
This move is a waste of tempo, because of black's following reply.} (12. Bd3
Bd7 13. Rdg1 Re8 14. h4 b5 15. g4 $13 {1-0 Moe,M-Pedersen,K/Vejle 1974/MCD (22)
}) 12... c6 $1 13. Bd3 $6 (13. dxc6 $6 bxc6 $15 14. Bxc6 $4 Qb6 $19 {[%csl Rb2,
Rc6]}) (13. Bc4 $142) 13... cxd5 $6 ({Stronger would have been} 13... Qb6 $1 {
forcing a concession on the queenside:} 14. c3 cxd5 $15) 14. Be3 $1 {It is
important to prevent Qd8-b6. Now white is aiming to move his light-squared
bishop and secure the stronghold d4, so black's next move is practically
forced.} d4 15. Bf4 Be6 16. Kb1 {Black's extra pawn is useless, so the
position is approximately equal.} Qb6 17. Bg5 {Starting some active actions on
the kingside.} Bxg5 18. Qxg5 Rfc8 19. Rhe1 a4 20. Qh4 g6 21. a3 Qc5 (21... Rc3
22. Qf6 $1 Rxa3 $2 (22... Re8 $13) 23. Rxe6 $1 Rxd3 (23... fxe6 $2 24. Qxe6+
Kg7 25. Qe7+ Kh6 26. g4 $18) 24. Rxd3 fxe6 25. Qxe6+ Kh8 26. Qf6+ Kg8 27. Qxd4
$16) 22. Qf6 d5 $6 {Strange decision. Kaidanov probably wanted to cover the e4
square, but his bishop is now very passive.} (22... Qd5 23. Kc1 Ra5 $5 {
might be a better alternative.}) 23. Re5 Rc6 24. Rde1 b5 25. h4 $2 {Moving the
wrong pawn.} (25. f4 Rf8 (25... b4 26. f5 Bd7 27. Qe7 Qxe7 28. Rxe7 Bxf5 29.
Bxf5 gxf5 30. axb4 $11) 26. Qh4 $1 b4 27. Rh5 $1 (27. f5 $2 bxa3 $1 28. fxe6
Qb4 29. exf7+ Kg7 $19) 27... gxh5 (27... bxa3 28. Rxh7 Qb4 29. Rh8+ Kg7 30.
Qh6+ Kf6 31. Qg5+ Kg7 $11) 28. Qg5+ Kh8 29. Qf6+ Kg8 $11 30. Re5 $2 Rfc8 $1)
25... Rf8 $1 ({After} 25... b4 $2 26. h5 {white's attack is more dangerous.})
26. h5 Bf5 {Before 25...Rf8 this move was not possible because of Re8+. White
is now forced to go to a worse endgame.} 27. Qe7 Qxe7 28. Rxe7 Bxd3 29. cxd3
gxh5 30. R7e5 $2 ({After} 30. Rb7 {white could get good surviving chances.})
30... Re6 $1 31. Rg5+ (31. Rxe6 $2 fxe6 $19 {[%csl Rf2]}) 31... Rg6 32. Rxh5 $6
({The least of the evils was} 32. Ree5 $1) 32... Rxg2 33. Rxd5 Rxf2 34. Rxd4
Rc8 $19 35. Rg4+ Kf8 36. Rb4 Rc5 37. d4 Rg5 38. Re5 $2 {White's position is
objectively lost, but this move just blunders a mate.} Rg1+ (38... Rg1+ 39. Ka2
Rff1 {[%csl Ra2] mating.}) 0-1